000 00313nam a22001337a 4500
008 170809b xxu||||| |||| 00| 0 eng d
020 _a3411152729
041 _ager
080 _a004
100 _a004
101 _aSHK
245 _aKUNSTLICHE INTELLIGENZ-UBERBLICK UND GRUNDLAGEN
_cSCHEFE,P
942 _2udc
_cBK
999 _c23041
_d23041